000 00970nam a22002057a 4500
999 _c58395
_d58395
005 20221107112508.0
008 220114s2020 enk||||| |||| 00| 0 eng d
020 _a9780007268146x
041 _aeng
080 _a598.2(4) S-51
100 _aSvensson, Lars
_913388
245 _aCollins Bird Guide:
_bThe Most Complete Guide to the Birds of Britain and Europe /
_cLars Svensson.
264 _aLondeon :
_bHarperCollins Publishers,
_c2020.
300 _a446 p.:
_bill.;
_c20 cm.
653 _aკოლინზის ჩიტის გზამკვლევი
653 _aПутеводитель по птицам Коллинза
653 _aბრიტანეთისა და ევროპის ფრინველების ყველაზე სრულყოფილი გზამკვლევი
653 _aСамый полный путеводитель по птицам Британии и Европы
942 _2udc
_cBK